Insults al públic i altres peces parlades / Peter Handke ; traducció de Carme Serrallonga ; pròleg de Ricard Salvat
Descripción Física:
101 p. ; 18 cm
Colección:
Biblioteca teatral ; 51
MARC
| LEADER | 00000nam a2200000Ia 4500 | ||
|---|---|---|---|
| 001 | 8109 | ||
| 008 | 160829s1988 xx 000 0 cat d | ||
| 080 | |a L-1-237 | ||
| 100 | |a Handke, Peter |9 35528 | ||
| 245 | |a Insults al públic i altres peces parlades / Peter Handke ; traducció de Carme Serrallonga ; pròleg de Ricard Salvat | ||
| 260 | |a Barcelona : |b Institut del Teatre de la Diputació de Barcelona, |c 1988 | ||
| 300 | |a 101 p. ; |c 18 cm | ||
| 490 | |a Biblioteca teatral ; 51 | ||
| 700 | |a Serrallonga, Carme, tr. |9 27738 | ||
| 700 | |a Salvat, Ricard, pr. |9 26183 | ||
| 710 | 1 | |a Institut del Teatre (Barcelona, Catalunya) |9 52662 | |
| 901 | |a Arxiu | ||
| 942 | |n 1 | ||
| 952 | |0 0 |1 0 |4 0 |6 L1237 |7 1 |9 47067 |a Arxiu |b Arxiu |d 2016-12-01 |l 0 |o L-1-237 |p 8109 |r 2016-12-01 00:00:00 |w 2016-12-01 |y ARXIU | ||
| 999 | |c 50860 |d 50860 | ||